MARC details
| 000 -LEADER |
| fixed length control field |
01224nam a22002657a 4500 |
| 003 - CONTROL NUMBER IDENTIFIER |
| control field |
OSt |
| 005 - DATE AND TIME OF LATEST TRANSACTION |
| control field |
20250827112139.0 |
| 008 - FIXED-LENGTH DATA ELEMENTS--GENERAL INFORMATION |
| fixed length control field |
240308b ||||| |||| 00| 0 eng d |
| 040 ## - CATALOGING SOURCE |
| Transcribing agency |
0 |
| 082 ## - DEWEY DECIMAL CLASSIFICATION NUMBER |
| Classification number |
DPer 621.317 Ie21 July 2022 v.37 n. 7 |
| 100 ## - MAIN ENTRY--PERSONAL NAME |
| Personal name |
Zhou, Wenpeng. |
| Relator term |
author. |
| 9 (RLIN) |
54207 |
| 245 ## - TITLE STATEMENT |
| Title |
Systematic analysis and characterization of extreme failure for IGCT in MMC-HVdc system—part I: |
| Remainder of title |
device structure, explosion characteristics, and optimization / |
| Statement of responsibility, etc. |
Wenpeng Zhou, Biao Zhao, Jiapeng Liu, Zhengyu Chen, Xueteng Tang, Zhanqing Yu, Jinpeng Wu, and Rong Zeng |
| 260 ## - PUBLICATION, DISTRIBUTION, ETC. (IMPRINT) |
| Place of publication, distribution, etc. |
New York ; |
| Name of publisher, distributor, etc. |
The Institute of Electrical and Electronics Engineers, Inc. , |
| Date of publication, distribution, etc. |
July 2022. |
| 300 ## - PHYSICAL DESCRIPTION |
| Extent |
volume 37, pages 8076-8086 : |
| Other physical details |
illustration ; |
| Dimensions |
28 cm. |
| 500 ## - GENERAL NOTE |
| General note |
<br/>IEEE Transactions on Power Electronics, vol. 37, no. 7, pages 8076-8086 , July 2022.<br/> |
| 700 ## - ADDED ENTRY--PERSONAL NAME |
| Personal name |
Zhou, Wenpeng. |
| Relator term |
author. |
| 9 (RLIN) |
54207 |
| 700 ## - ADDED ENTRY--PERSONAL NAME |
| Personal name |
Zhao, Biao. |
| Relator term |
author. |
| 9 (RLIN) |
54208 |
| 700 ## - ADDED ENTRY--PERSONAL NAME |
| Personal name |
Liu, Jiapeng. |
| Relator term |
author. |
| 9 (RLIN) |
54209 |
| 700 ## - ADDED ENTRY--PERSONAL NAME |
| Personal name |
Chen, Zhengyu. |
| Relator term |
author. |
| 9 (RLIN) |
54210 |
| 700 ## - ADDED ENTRY--PERSONAL NAME |
| Personal name |
Tang, Xueteng. |
| Relator term |
author. |
| 9 (RLIN) |
54211 |
| 700 ## - ADDED ENTRY--PERSONAL NAME |
| Personal name |
Yu, Zhanqing. |
| Relator term |
author. |
| 9 (RLIN) |
54212 |
| 700 ## - ADDED ENTRY--PERSONAL NAME |
| Personal name |
Wu, Jinpeng. |
| Relator term |
author. |
| 9 (RLIN) |
54213 |
| 700 ## - ADDED ENTRY--PERSONAL NAME |
| Personal name |
Zeng, Rong. |
| Relator term |
author. |
| 9 (RLIN) |
54214 |
| 942 ## - ADDED ENTRY ELEMENTS (KOHA) |
| Source of classification or shelving scheme |
Dewey Decimal Classification |
| Koha item type |
Periodicals |